000 00549cam a22001814a 4500
020 _a185383890X (hardback)
020 _a1853838918 (pbk.)
040 _cDLC
082 0 0 _a333 EAR 2002 A016 Or.
245 0 0 _aHolding their ground :
_bsecure land tenure for the urban poor in developing countries /
260 _aLondon ;
_aSterling, Va. :
_bEarthscan Publications,
_cc2002.
300 _axvi, 264 p. ;
_c25 cm.
650 0 _aLand tenure
650 0 _aUrban poor
700 1 _aDurand-Lasserve, Alain.
700 1 _aRoyston, Lauren,
942 _cEK
999 _c11617
_d11617